Religion Quiz

Random Religion or City Quiz

Members of the Pontifical Commission Quiz Stats

 Plays Quiz not verified by Sporcle

Support Sporcle.
Go Orange.
Score 0/7 Timer 05:00
0 Plays Today
% Correct
Cardinal Giuseppe Bertello
66.7%
Cardinal Antonio Maria Vegliò
33.3%
Cardinal Beniamino Stella
33.3%
Cardinal Leonardo Sandri
0%
Cardinal Domenico Calcagno
0%
Cardinal Stanisław Dziwisz
0%
Cardinal Giuseppe Petrocchi
0%

You're not logged in!

Compare scores with friends on all Sporcle quizzes.
OR
Log In

From the Vault

'E'-Less Presidents

by milc

Let's see, Reagan...wait, Roosev...well darn!
Remove Ads.
Support Sporcle.
Get the best of Sporcle when you Go Orange. This ad-free experience offers more features, more stats, and more fun while also helping to support Sporcle. Thank you for becoming a member.

Show Comments

Extras

Top Quizzes Today


Score Distribution

Your Account Isn't Verified!

In order to create a playlist on Sporcle, you need to verify the email address you used during registration. Go to your Sporcle Settings to finish the process.

Report this User

Report this user for behavior that violates our Community Guidelines.

Details: